000 00711nam a22001937a 4500
001 TVUNI
005 20260126014717.0
008 221111s2020 vm vie d
040 _aTVUNI
_eAACR2
041 0 _avie
100 1 _aĐoàn, Gia Âu Du
245 1 0 _agiải pháp về quản lý chiến lược phát triển đào tạo của trung tâm đào tạo ngân hàng á châu :
_bLuận văn Thạc Sĩ quản lý kinh tế /
_cĐoàn Gia Âu Du
260 _aVĩnh Phúc :
_bTrường ĐH Trưng Vương,
_c2020
300 _a81 tr.
500 _aBộ Giáo Dục và Đào Tạo Trường Đại Học Trưng Vương
942 _2ddc
_cLVLA
999 _c3371
_d3371
911 _a1
_bHiển Phạm
912 _a1
_bHiển Phạm